Los medios de comunicación en la era digital / (Record no. 194904)

MARC details
000 -LEADER
campo de control de longitud fija 04244nam a2200445 i 4500
001 - NÚMERO DE CONTROL
campo de control 194904
003 - IDENTIFICADOR DE NÚMERO DE CONTROL
campo de control ES-GrU
005 - FECHA Y HORA DE LA ÚLTIMA TRANSACCIÓN
campo de control 20250825075259.0
007 - CAMPO FIJO DE DESCRIPCIÓN FÍSICA--INFORMACIÓN GENERAL
campo de control de longitud fija ta
008 - DATOS DE LONGITUD FIJA--INFORMACIÓN GENERAL
campo de control de longitud fija 240321s2023 sp da r 001 0 mul d
017 ## - NÚMERO DE COPYRIGHT O DE DEPÓSITO LEGAL
Número de copyright o de depósito legal BI 00814-2023
Agencia que asigna Oficina DL Bilbao
020 ## - NÚMERO INTERNACIONAL ESTÁNDAR DEL LIBRO
Número Internacional Estándar del Libro 9788492937974
040 ## - FUENTE DE CATALOGACIÓN
Centro catalogador/agencia de origen UGR
Normas de descripción rda
Lengua de catalogación spa
Centro/agencia transcriptor ES-MaACL
080 ## - NÚMERO DE LA CLASIFICACIÓN DECIMAL UNIVERSAL
Número de la Clasificación Decimal Universal 070
080 ## - NÚMERO DE LA CLASIFICACIÓN DECIMAL UNIVERSAL
Número de la Clasificación Decimal Universal 004
080 ## - NÚMERO DE LA CLASIFICACIÓN DECIMAL UNIVERSAL
Número de la Clasificación Decimal Universal 316.77:659.3"20"
100 ## - ENTRADA PRINCIPAL--NOMBRE DE PERSONA
Nombre de persona Broseta Dupré, Bruno
9 (RLIN) 236529
Término indicativo de función/relación Autor
245 00 - MENCIÓN DEL TÍTULO
Título Los medios de comunicación en la era digital /
Mención de responsabilidad, etc. Bruno Broseta Dupré, Alejandro Escribá Esteve, Guillermo López García, Joaquín Maudos Villarroya, Fernando Pascual Lavilla ; dirigido por Francisco Pérez García
264 #1 - PRODUCCIÓN, PUBLICACIÓN, DISTRIBUCIÓN, FABRICACIÓN Y COPYRIGHT
Producción, publicación, distribución, fabricación y copyright Bilbao :
Nombre del de productor, editor, distribuidor, fabricante Fundacion BBVA,
Fecha de producción, publicación, distribución, fabricación o copyright [2023]
264 #4 - PRODUCCIÓN, PUBLICACIÓN, DISTRIBUCIÓN, FABRICACIÓN Y COPYRIGHT
Fecha de producción, publicación, distribución, fabricación o copyright © 2023
300 ## - DESCRIPCIÓN FÍSICA
Extensión 321 páginas :
Otras características físicas gráficos;
Dimensiones 26 cm.
336 ## - TIPO DE CONTENIDO
Término de tipo de contenido texto
Código de tipo de contenido txt
Fuente rdacontent
337 ## - TIPO DE MEDIO
Nombre/término del tipo de medio sin mediación
Código del tipo de medio n
Fuente rdamedia
338 ## - TIPO DE SOPORTE
Nombre/término del tipo de soporte volumen
Código del tipo de soporte nc
Fuente rdacarrier
504 ## - NOTA DE BIBLIOGRAFÍA, ETC.
Nota de bibliografía, etc. Páginas 299-308
520 ## - RESUMEN, ETC.
Sumario, etc. Esta obra analiza la evolución de los medios de comunicación en España. Contempla aspectos tecnológicos, económicos y sociales de las transformaciones que se han producido, entre las cuales la digitalización emerge como la principal palanca de cambio.El estudio se desarrolla entre los campos de la economía y la comunicación, buscando un equilibrio entre el plano conceptual y el empírico. En lo relativo al impacto de la digitalización, analiza los cambios en los hábitos de la población en su relación con los medios y las formas de acceder a la información y, desde una perspectiva teórica, los aspectos clave en la propuesta de valor y la transformación del modelo de negocio de las empresas de medios. En cuanto a la contribución económica, esta monografía cuantifica el peso del sector en términos de valor añadido y empleo en España y los países de su entorno, y realiza un análisis económico-financiero de sus empresas. Estudia, además, la calidad del empleo en los medios, la inserción laboral de los profesionales y sus determinantes, los cambios en las ocupaciones, así como en los conocimientos y habilidades requeridas, impulsados por las nuevas tecnologías.La investigación revela que la digitalización ha acelerado cambios que se estaban incubando y subraya los muchos rasgos problemáticos de la situación actual. La fragmentación de audiencias y la reducción de ingresos han propiciado un proceso de concentración que, unido a cambios en el comportamiento de usuarios y anunciantes, afectan a la dinámica competitiva del sector. Los medios deben replantearse sus fuentes de ingresos para alcanzar la viabilidad. El trabajo en los medios se encuentra tensionado tras experimentar un importante retroceso, sobre todo, en los medios escritos. Los recursos humanos con mayores competencias se exponen a un menor riesgo de automatización, pero los profesionales deberán adaptar sus conocimientos a las exigencias de un entorno digital y desarrollar sus capacidades de elaborar contenidos rigurosos, en un entorno en el que resulta cada vez más difícil distinguir entre información, opinión y publicidad.Esta monografía se dirige a profesionales de los medios de comunicación, pero también a los interesados en cuestiones económicas y sociales, así como a los ciudadanos preocupados por el papel de los medios en la formación de la opinión pública en las sociedades avanzadas.
Fuente [Texto de la editorial]
650 #7 - PUNTO DE ACCESO ADICIONAL DE MATERIA--TÉRMINO DE MATERIA
Término de materia o nombre geográfico como elemento de entrada Medios de comunicación social
Fuente del encabezamiento o término embne
9 (RLIN) 14961
650 #7 - PUNTO DE ACCESO ADICIONAL DE MATERIA--TÉRMINO DE MATERIA
Término de materia o nombre geográfico como elemento de entrada Medios digitales
Fuente del encabezamiento o término embne
9 (RLIN) 236530
700 ## - ENTRADA AGREGADA--NOMBRE PERSONAL
Nombre de persona Pérez García, Francisco
9 (RLIN) 236525
Término indicativo de función/relación Director
700 ## - ENTRADA AGREGADA--NOMBRE PERSONAL
Nombre de persona Escribá Esteve, Alejandro
9 (RLIN) 236533
Término indicativo de función/relación Autor
700 ## - ENTRADA AGREGADA--NOMBRE PERSONAL
Nombre de persona López García, Guillermo,
Fechas asociadas al nombre 1976-
9 (RLIN) 236534
Término indicativo de función/relación Autor
700 ## - ENTRADA AGREGADA--NOMBRE PERSONAL
Nombre de persona Maudos Villarroya, Joaquín,
Fechas asociadas al nombre 1966-
9 (RLIN) 236523
Término indicativo de función/relación Autor
700 ## - ENTRADA AGREGADA--NOMBRE PERSONAL
Nombre de persona Pascual Lavilla, Fernando
9 (RLIN) 236535
Término indicativo de función/relación Autor
852 ## - LOCALIZACIÓN
Ubicación ES-MaACL
Ubicación en estantería Depósito J
Número de control de estantería N-9919
Encuadernación Encuadernación rústica con solapas
Donativo/Legado Donación: Editorial
itemnumber 205840
942 ## - ELEMENTOS DE ENTRADA SECUNDARIOS (KOHA)
Tipo de ítem Koha Libro impreso
Suprimir en OPAC No
Holdings
Estatus retirado Estado de pérdida Fuente del sistema de clasificación o colocación Estado de daño No para préstamo Biblioteca de origen Biblioteca actual Ubicación en estantería Fecha de adquisición Fuente de adquisición Total de préstamos Signatura topográfica completa Código de barras Visto por última vez Precio de reemplazo Tipo de ítem Koha
    Clasificación decimal universal     Biblioteca del Ateneo de Madrid Biblioteca del Ateneo de Madrid Depósito J 26/05/2025 Donación   N-9919 101230178 26/05/2025 26/05/2025 Libro impreso